| 000 | 00698 a2200217 4500 | ||
|---|---|---|---|
| 005 | 20260209115836.0 | ||
| 008 | 260209b |||||||| |||| 00| 0 eng d | ||
| 020 | _a9789778580358 (hbk) | ||
| 037 | _cTB | ||
| 040 |
_aCRL _cCRL |
||
| 041 |
_2ARB _aARB |
||
| 084 |
_aP28:3 R1 _bCRL |
||
| 100 |
_aNajjar, Assam Ahmad Badar _9854259 |
||
| 245 | _aRawai fi uloom al-lughat fi suwal-o-jawab | ||
| 260 |
_bMaktaba-e-al-taqvi, _c2021. _aCairo, Egypt: |
||
| 300 | _a632p. | ||
| 365 |
_b1440.00 _cINR |
||
| 650 |
_aLinguistics _91114532 |
||
| 942 |
_cTB _2CC _n0 _hP28:3 R1 |
||
| 999 |
_c1465881 _d1465881 |
||